Gaming Quiz

Random Gaming or Nintendo Quiz

Mixed Word: Fire Emblem Fates Quiz Stats

 Plays Quiz not verified by Sporcle

Challenge
Share
Tweet
Embed
Score 0/15 Timer 03:00
0 Plays Today
Hint Answer % Correct
RUAAZAzura
81.9%
TOKOMIMikoto
80.2%
GAMEO YTOAOmega Yato
70.3%
RUKAASSakura
67.6%
DIHSODOHHoshido
62.6%
RINBLYDHBrynhildr
54.9%
KOSANNAAnankos
51.1%
UMIOZIzumo
51.1%
Hint Answer % Correct
LARFOFlora
44.5%
LEOPHAIOphelia
40.7%
JIONARITRaijinto
39%
FIRESDEGSiegfried
39%
TOMBSOSMELT YONNACBottomless Canyon
37.4%
HUGESIRShigure
27.5%
PERDLEEPAMDeeprealm
13.7%

You're not logged in!

Compare scores with friends on all Sporcle quizzes.
Join for Free
OR
Log In

You Might Also Like...

Show Comments

Extras

Top Quizzes Today


Score Distribution

Your Account Isn't Verified!

In order to create a playlist on Sporcle, you need to verify the email address you used during registration. Go to your Sporcle Settings to finish the process.

Report this User

Report this user for behavior that violates our Community Guidelines.

Details: